000 00521 a2200145 4500
245 _aRe-living the second Chimurenga
_b : memories from the liberation struggle in Zimbabwe
_hprint
020 _a9171065512 (Nordic A
700 _aChung, Fay.
700 _aKaarsholm, Preben
650 _aZIMBABWE HISTORY 2000
005 20191017172748.0
260 _asw
_bNordic Africa Institute
_c2006
084 _aDT2990 .C47 2006
300 _a358 p. : ill.
_b 22 cm.
_c358 p. : ill. ; 22 cm.
500 _aFay Chung ; with an introduction by Preben Kaarsholm.
999 _c9336
_d9336